ბათუმის შოთა რუსთაველის სახელმწიფო უნივერსიტეტის ბიბლიოთეკა

Mobile communication systems and security / (ბიბ.ჩანაწერი № 57777)

000 -LEADER
fixed length control field 01121cam a2200277 a 4500
001 - CONTROL NUMBER
control field 15351212
005 - DATE AND TIME OF LATEST TRANSACTION
control field 20201124144046.0
008 - FIXED-LENGTH DATA ELEMENTS--GENERAL INFORMATION
fixed length control field 080701s2009 si a b 001 0 eng
020 ## - INTERNATIONAL STANDARD BOOK NUMBER
International Standard Book Number 9780470823361 (cloth)
041 ## - LANGUAGE CODE
Language code of text/sound track or separate title eng
080 ## - UNIVERSAL DECIMAL CLASSIFICATION NUMBER
Universal Decimal Classification number 654.172+004.056 R-51
100 1# - MAIN ENTRY--PERSONAL NAME
Personal name Rhee, Man Young.
9 (RLIN) 9764
245 10 - TITLE STATEMENT
Title Mobile communication systems and security /
Statement of responsibility, etc. Man Young Rhee.
260 ## - PUBLICATION, DISTRIBUTION, ETC.
Place of publication, distribution, etc. Hoboken, NJ :
-- [Piscataway, NJ] :
Name of publisher, distributor, etc. IEEE Press,
Date of publication, distribution, etc. c2009.
264 ## - PRODUCTION, PUBLICATION, DISTRIBUTION, MANUFACTURE, AND COPYRIGHT NOTICE
Place of production, publication, distribution, manufacture Singapore :
Name of producer, publisher, distributor, manufacturer J. Wiley & Sons (Asia) ,
Date of production, publication, distribution, manufacture, or copyright notice 2009.
300 ## - PHYSICAL DESCRIPTION
Extent 439 p. :
Other physical details ill. ;
Dimensions 26 cm.
650 #0 - SUBJECT ADDED ENTRY--TOPICAL TERM
Topical term or geographic name entry element Mobile communication systems.
9 (RLIN) 9765
650 #0 - SUBJECT ADDED ENTRY--TOPICAL TERM
Topical term or geographic name entry element Wireless communication systems.
9 (RLIN) 9766
650 #0 - SUBJECT ADDED ENTRY--TOPICAL TERM
Topical term or geographic name entry element Mobile communication systems
General subdivision Security measures.
9 (RLIN) 9767
650 #0 - SUBJECT ADDED ENTRY--TOPICAL TERM
Topical term or geographic name entry element Wireless communication systems
General subdivision Security measures.
9 (RLIN) 9768
653 ## - INDEX TERM--UNCONTROLLED
keyword მობილური კომუნიკაცია
653 ## - INDEX TERM--UNCONTROLLED
keyword უსადსენო კავშირი
653 ## - INDEX TERM--UNCONTROLLED
keyword უსაფრთხოების ზომები
856 41 - ELECTRONIC LOCATION AND ACCESS
Materials specified Table of contents only
Uniform Resource Identifier http://www.loc.gov/catdir/toc/ecip0823/2008029106.html
942 ## - ADDED ENTRY ELEMENTS (KOHA)
Source of classification or shelving scheme
Koha item type წიგნი
ეგზემპლარები
Withdrawn status Lost status Source of classification or shelving scheme Damaged status Not for loan Permanent Location Current Location Shelving location Date acquired Cost, normal purchase price Full call number Barcode Date last seen Copy number Price effective from Koha item type Public note
          ბათუმის შოთა რუსთაველის სახელმწიფო უნივერსიტეტის მთავარი ბიბლიოთეკა ბათუმის შოთა რუსთაველის სახელმწიფო უნივერსიტეტის მთავარი ბიბლიოთეკა წიგნსაცავი 2020-11-24 77.00 654.172+004.056 R-51 61125 2020-11-24 61125 2020-11-24 წიგნი 77 ლ.